| 000 | 01000nmc a2200373 a 4500 | ||
|---|---|---|---|
| 003 | AR-BaBNM | ||
| 005 | 20251128205540.0 | ||
| 008 | 011101s1994 ||||||||||||||000 | spa|| | ||
| 020 | _a84-7509-974-2 | ||
| 040 | _cAR-BaBNM | ||
| 100 | 1 | _aColom Cañellas, Antonio J. | |
| 245 | 1 | 0 |
_aDespués de la modernidad _bnuevas filosofías de la educación |
| 250 | _a1ª ed. | ||
| 260 |
_aBuenos Aires _bPaidós _c1994 |
||
| 300 | _a192 p. | ||
| 490 | 0 |
_aPapeles de pedagogía _vv. 15 |
|
| 504 | _aBibliografía: p. 183-192 | ||
| 600 | 1 | 4 | _aToffler, Alvin |
| 600 | 1 | 4 | _aLuhmann, Niklas |
| 600 | 1 | 4 | _aRawls, John |
| 600 | 1 | 4 | _aHabermas, Jürgen |
| 600 | 0 | 4 | _aKrishnamurti |
| 650 | 4 | _aFILOSOFIA DE LA EDUCACION | |
| 650 | 4 | _aPRAXIS EDUCATIVA | |
| 650 | 4 | _aECOLOGIA | |
| 650 | 4 | _aPACIFISMO | |
| 650 | 4 | _aPOSITIVISMO | |
| 653 | _aPOSMODERNIDAD | ||
| 653 | _aTEORIA DE LOS SISTEMAS | ||
| 653 | _aNEOLIBERALISMO | ||
| 700 | 1 | _aMèlich, Joan-Carles | |
| 942 | _cBK | ||
| 998 | _cSILVI | ||
| 999 |
_c11841 _d11841 |
||